Materials and technology: A systematic encyclopedia of technology of materials used in industry and commerce. 8 V (Record no. 26575)

MARC details
000 -LEADER
fixed length control field 00343nam a2200109Ia 4500
082 ## - DEWEY DECIMAL CLASSIFICATION NUMBER
Classification number 66(031)
Item number VAN
245 #0 - TITLE STATEMENT
Title Materials and technology: A systematic encyclopedia of technology of materials used in industry and commerce. 8 V
260 ## - PUBLICATION, DISTRIBUTION, ETC. (IMPRINT)
Place of publication London
700 ## - ADDED ENTRY--PERSONAL NAME
Personal name Van Tahoor, T J W
942 ## - ADDED ENTRY ELEMENTS (KOHA)
Koha item type Books
Holdings
Withdrawn status Lost status Damaged status Not for loan Home library Current library Date acquired Full call number Accession Number Koha item type
        RRII Library RRII Library 16/12/2021 66(031) VAN 07208 Books